Unsdorfer and Ors v Octagon Overseas Ltd and Ors (Record no. 121864)

MARC details
000 -LEADER
fixed length control field 01574nas a22002177a 4500
007 - PHYSICAL DESCRIPTION FIXED FIELD--GENERAL INFORMATION
fixed length control field ta
008 - FIXED-LENGTH DATA ELEMENTS--GENERAL INFORMATION
fixed length control field 230828e20240314xxk||||os||||o00| 0 eng d
041 ## - LANGUAGE CODE
Language code of text/sound track or separate title eng
245 ## - TITLE STATEMENT
Title Unsdorfer and Ors v Octagon Overseas Ltd and Ors
260 ## - PUBLICATION INFORMATION
Place of publication [2024] UKUT 59 (LC),
Publisher Upper Tribunal (Lands Chamber),
Date 29 February 2024
520 ## - ABSTRACT
Abstract In Unsdorfer v Octagon Overseas Ltd [2024] UKUT 59 (LC), the Upper Tribunal (Lands Chamber) found that a manager appointed under the Landlord and Tenant Act 1987 could not be an accountable person for the purposes of the Building Safety Act 2022. The UT found that the FTT was correct in its conclusion that the Manager is not an accountable person for the higher-risk buildings at Canary Riverside. He is nevertheless obliged by the management order to continue to carry out the functions conferred on him by the order, notwithstanding that those include building safety responsibilities which are also duties of the accountable person under Part 4 of the 2022 Act. He is not obliged to carry out building safety functions which are not required of him by the management order. It looks in detail at how the L&T Act 1987 and the BSA 2022 conflict in parts on this matter<br/><br/>
650 ## - KEYWORDS
Keywords BUILDING SAFETY ACT 2022
650 ## - KEYWORDS
Keywords LANDLORD AND TENANT ACT 1987
650 ## - KEYWORDS
Keywords FIRE SAFETY
650 ## - KEYWORDS
Keywords HIGHER-RISK BUILDING
650 ## - KEYWORDS
Keywords LANDLORD AND TENANT
650 ## - KEYWORDS
Keywords PRINCIPAL ACCOUNTABLE PERSON
650 ## - KEYWORDS
Keywords JUDGMENT
651 ## - SUBJECT ADDED ENTRY--GEOGRAPHIC NAME
Geographic name United Kingdom
856 ## - ONLINE RESOURCE
Uniform Resource Identifier https://www.bailii.org/uk/cases/UKUT/LC/2024/59.html
Public note Available from BAILII
Holdings
Withdrawn status Lost status Source of classification or shelving scheme Damaged status Koha normalized classification for sorting Not for loan Home library Current library Shelving location Date acquired Total Checkouts Full call number Date last seen Price effective from Koha item type
    Dewey Decimal Classification   ONLINE_JUDGMENT   Virtual Virtual Online 21/03/2024   ONLINE JUDGMENT 21/03/2024 21/03/2024 Law report